<?xml version="1.0" encoding="UTF-8"?><?xml-stylesheet type="text/xsl" href="static/style.xsl"?><OAI-PMH xmlns="http://www.openarchives.org/OAI/2.0/" xmlns:xsi="http://www.w3.org/2001/XMLSchema-instance" xsi:schemaLocation="http://www.openarchives.org/OAI/2.0/ http://www.openarchives.org/OAI/2.0/OAI-PMH.xsd"><responseDate>2026-04-14T06:40:18Z</responseDate><request verb="GetRecord" identifier="oai:www.recercat.cat:2117/189820" metadataPrefix="marc">https://recercat.cat/oai/request</request><GetRecord><record><header><identifier>oai:recercat.cat:2117/189820</identifier><datestamp>2025-07-17T10:23:43Z</datestamp><setSpec>com_2072_1033</setSpec><setSpec>col_2072_452950</setSpec></header><metadata><record xmlns="http://www.loc.gov/MARC21/slim" xmlns:dcterms="http://purl.org/dc/terms/" xmlns:xsi="http://www.w3.org/2001/XMLSchema-instance" xmlns:doc="http://www.lyncode.com/xoai" xsi:schemaLocation="http://www.loc.gov/MARC21/slim http://www.loc.gov/standards/marcxml/schema/MARC21slim.xsd">
   <leader>00925njm 22002777a 4500</leader>
   <datafield ind2=" " ind1=" " tag="042">
      <subfield code="a">dc</subfield>
   </datafield>
   <datafield ind2=" " ind1=" " tag="720">
      <subfield code="a">Piscal Arévalo, Carlos Mario</subfield>
      <subfield code="e">author</subfield>
   </datafield>
   <datafield ind2=" " ind1=" " tag="720">
      <subfield code="a">López Almansa, Francisco</subfield>
      <subfield code="e">author</subfield>
   </datafield>
   <datafield ind2=" " ind1=" " tag="260">
      <subfield code="c">2019</subfield>
   </datafield>
   <datafield ind2=" " ind1=" " tag="520">
      <subfield code="a">El aislamiento sísmico de base es una técnica con un uso relativamente reciente en Latinoamérica, uno de los posibles factores que ha impedido su expansión puede ser la ausencia, hasta el momento, de normas locales que rijan el análisis, diseño y construcción de este tipo de edificaciones; ya que únicamente Chile, México y Perú cuentan con una normativa propia. Tanto las normas de aislamiento sísmico hasta el momento desarrolladas como aquellas que se encuentran en marcha en Latinoamérica, tienen una gran influencia de las normativas americanas, principalmente del documento ASCE 7. El capítulo 17 de dicho documento, está orientado principalmente para el diseño de edificaciones aisladas catalogadas como indispensables y posee además elevados factores de seguridad que incrementan considerablemente los costos de implementación de esta técnica. Debido a lo anterior, en este trabajo se proponen una serie de consideraciones a discutir en la elaboración de futuras normas para la región, con el fin de ampliar el aislamiento sísmico a diferentes tipos de edificaciones y evaluar la aplicabilidad de las exigencias de las normas internacionales en mención en el contexto económico de cada país.</subfield>
   </datafield>
   <datafield ind2=" " ind1=" " tag="520">
      <subfield code="a">Seismic base isolation is a technique with a relatively recent use in Latin American countries; one of the possible factors that has avoided its expansion may be the lack, until now, of local regulations in each country that be able to govern the analysis, design and construction of this type of buildings; since currently only Chile, Mexico and Peru have their own codes. Both the seismic isolation standards developed up to now and those that are underway in Latin America, have a great influence of the American regulations, mainly of the document ASCE 7. Chapter 17 of that document, used for the design of essential isolated buildings, has high safety factors that increase considerably the costs of implementing of the technique; Due to aforementioned, this paper proposes a series of considerations to be discussed in the preparation of future standards for the region, in order to expand the seismic isolation to different types of buildings and evaluate the applicability of the requirements of international standards in mention in the economic context of each country.</subfield>
   </datafield>
   <datafield ind2=" " ind1=" " tag="520">
      <subfield code="a">Peer Reviewed</subfield>
   </datafield>
   <datafield ind2=" " ind1=" " tag="520">
      <subfield code="a">Postprint (published version)</subfield>
   </datafield>
   <datafield tag="653" ind2=" " ind1=" ">
      <subfield code="a">Àrees temàtiques de la UPC::Enginyeria civil::Geotècnia::Sismologia</subfield>
   </datafield>
   <datafield tag="653" ind2=" " ind1=" ">
      <subfield code="a">Àrees temàtiques de la UPC::Edificació::Elements constructius d'edificis::Elements estructurals d'edificis</subfield>
   </datafield>
   <datafield tag="653" ind2=" " ind1=" ">
      <subfield code="a">Earthquake engineering</subfield>
   </datafield>
   <datafield tag="653" ind2=" " ind1=" ">
      <subfield code="a">Earthquake resistant design -- Standards -- Colombia</subfield>
   </datafield>
   <datafield tag="653" ind2=" " ind1=" ">
      <subfield code="a">Earthquake resistant design -- Standards -- Latin America</subfield>
   </datafield>
   <datafield tag="653" ind2=" " ind1=" ">
      <subfield code="a">Aislamiento sísmico de base</subfield>
   </datafield>
   <datafield tag="653" ind2=" " ind1=" ">
      <subfield code="a">ASCE 7</subfield>
   </datafield>
   <datafield tag="653" ind2=" " ind1=" ">
      <subfield code="a">Latinoamérica</subfield>
   </datafield>
   <datafield tag="653" ind2=" " ind1=" ">
      <subfield code="a">Normas</subfield>
   </datafield>
   <datafield tag="653" ind2=" " ind1=" ">
      <subfield code="a">Seismic base isolation</subfield>
   </datafield>
   <datafield tag="653" ind2=" " ind1=" ">
      <subfield code="a">Latin America</subfield>
   </datafield>
   <datafield tag="653" ind2=" " ind1=" ">
      <subfield code="a">Regulations</subfield>
   </datafield>
   <datafield tag="653" ind2=" " ind1=" ">
      <subfield code="a">Enginyeria sísmica</subfield>
   </datafield>
   <datafield tag="653" ind2=" " ind1=" ">
      <subfield code="a">Disseny antisísmic -- Normes -- Colòmbia</subfield>
   </datafield>
   <datafield tag="653" ind2=" " ind1=" ">
      <subfield code="a">Disseny antisísmic -- Normes -- Amèrica Llatina</subfield>
   </datafield>
   <datafield ind2="0" ind1="0" tag="245">
      <subfield code="a">Propuesta para las futuras normas de aislamiento sísmico en Latinoamérica</subfield>
   </datafield>
   <datafield ind2="0" ind1="0" tag="245">
      <subfield code="a">Proposal for future Latin American seismic isolation codes</subfield>
   </datafield>
</record></metadata></record></GetRecord></OAI-PMH>